000 00671na a2200253 4500
001 18845
003 MIRAKIL
005 20181213155047.0
008 161201b tu 000 0
020 _a9789944017305
040 _aMilas
_btur
_cTR-AnCHP
041 _atur
082 _a338.04
_bD35h 2007
090 _a338.04 D35h 2007
100 _aDemirel, Şevket
245 _aHizmet edeceğin yeri seç
_cŞevket Demirel
260 _aIsparta
_b[yayl.y.]
_c2007
300 _aviii, 391 s.
_c21 sm.
500 _aYapıt yazarından imzalıdır.
504 _aDizin var.
600 _aDemirel, Şevket
_xAnılar
650 _aGirişimcilik
942 _2ddc
_cBKS
999 _c5802
_d5802